[Event "46. Villa de Mislata - Open C 2012"]
[Site "Mislata ESP"]
[Date "2012.08.17"]
[Round "7.10"]
[White "Maronda Escriva, Ivan"]
[Black "Muñoz Bornao, Miguel Angel"]
[Result "1-0"]
[WhiteElo "1852"]
[BlackElo "1783"]
[PlyCount "47"]
[EventDate "2012.08.13"]
[EventType "tourn"]
[EventRounds "9"]
[EventCountry "ESP"]
[EventCategory "2"]
[Source "lmi"]
[SourceDate "2012.08.13"]

1. d4 d5 2. Nf3 Nf6 3. Bf4 e6 4. e3 c6 5. Bd3 Bd6 6. Nbd2 O-O 7. Ne5 Be7 8. O-O
Nbd7 9. c4 Nxe5 10. Bxe5 dxc4 11. Nxc4 b6 12. Qf3 Bb7 13. Qg3 Nh5 14. Qh3 g6
15. Rad1 Ba6 16. Rc1 c5 17. Be2 Ng7 18. Rfd1 Bxc4 19. Bxc4 Bf6 20. dxc5 Qe7 21.
Bd6 Qb7 22. Bxf8 Rxf8 23. cxb6 Qxb6 24. Rc2 1-0

[Event "46. Villa de Mislata - Open C 2012"]
[Site "Mislata ESP"]
[Date "2012.08.18"]
[Round "8.1"]
[White "Cortes Ruiz, Javier"]
[Black "Cerdan Herraez, Manuel Vicente"]
[Result "1-0"]
[WhiteElo "1892"]
[BlackElo "1830"]
[PlyCount "45"]
[EventDate "2012.08.13"]
[EventType "tourn"]
[EventRounds "9"]
[EventCountry "ESP"]
[EventCategory "2"]
[Source "lmi"]
[SourceDate "2012.08.13"]

1. e4 e5 2. Nf3 Nf6 3. Nxe5 Qe7 4. Nf3 Nxe4 5. Be2 Nc5 6. Nc3 a6 7. Nd5 Qd8 8.
d4 Ne6 9. O-O c6 10. Nf4 Nxf4 11. Bxf4 Be7 12. h3 O-O 13. Qd2 d5 14. Bd3 Be6
15. Rae1 Nd7 16. Ng5 Bxg5 17. Bxg5 Nf6 18. f4 h6 19. Bxh6 Ne4 20. Bxe4 dxe4 21.
f5 Bc4 22. f6 Bxf1 23. Bxg7 1-0

[Event "46. Villa de Mislata - Open C 2012"]
[Site "Mislata ESP"]
[Date "2012.08.18"]
[Round "8.2"]
[White "Fuset Torralba, Jose Luis"]
[Black "Santandreu Gregori, David"]
[Result "1/2-1/2"]
[WhiteElo "1801"]
[BlackElo "1890"]
[PlyCount "106"]
[EventDate "2012.08.13"]
[EventType "tourn"]
[EventRounds "9"]
[EventCountry "ESP"]
[EventCategory "2"]
[Source "lmi"]
[SourceDate "2012.08.13"]

1. c4 c6 2. e4 d5 3. exd5 cxd5 4. d4 Nf6 5. Nc3 e6 6. c5 b6 7. cxb6 Qxb6 8. Bd3
Bd7 9. Nge2 Nc6 10. Bb1 Bb4 11. O-O Na5 12. Na4 Qc6 13. a3 Bd6 14. Nac3 O-O 15.
Qd3 Qc4 16. Qf3 e5 17. dxe5 Bg4 18. Qd3 Bxe5 19. Qxc4 dxc4 20. Bc2 Nb3 21. Rb1
Rab8 22. Be3 a6 23. f3 Be6 24. Rfd1 Rfd8 25. Rxd8+ Rxd8 26. Rd1 Rxd1+ 27. Nxd1
Nd5 28. Ba7 Ne7 29. f4 Bf6 30. f5 Nxf5 31. Nf4 Bd4+ 32. Bxd4 Nfxd4 33. Be4 Bg4
34. Ne3 Ne2+ 35. Nxe2 Bxe2 36. Kf2 Bd3 37. Bxd3 cxd3 38. Nc4 f6 39. Ke3 d2 40.
Nxd2 Nxd2 41. Kxd2 Kf7 42. Kd3 Ke6 43. Kd4 Kd6 44. b4 h5 45. a4 g5 46. b5 axb5
47. axb5 f5 48. b6 h4 49. h3 g4 50. b7 Kc7 51. Ke5 gxh3 52. gxh3 Kxb7 53. Kxf5
Kc7 1/2-1/2

[Event "46. Villa de Mislata - Open C 2012"]
[Site "Mislata ESP"]
[Date "2012.08.18"]
[Round "8.3"]
[White "Gil Juan, German"]
[Black "Moreno Vicente, Jesus Miguel"]
[Result "1-0"]
[WhiteElo "1860"]
[BlackElo "1754"]
[PlyCount "125"]
[EventDate "2012.08.13"]
[EventType "tourn"]
[EventRounds "9"]
[EventCountry "ESP"]
[EventCategory "2"]
[Source "lmi"]
[SourceDate "2012.08.13"]

1. e4 e6 2. d4 d5 3. Nc3 Bb4 4. e5 Ne7 5. a3 Bxc3+ 6. bxc3 c5 7. Nf3 Qa5 8. Bd2
Nbc6 9. Be2 Bd7 10. O-O c4 11. h3 O-O-O 12. Qc1 f6 13. Qb2 fxe5 14. Rab1 Qa6
15. Nxe5 Nxe5 16. dxe5 Nc6 17. f4 Rhf8 18. Be3 b6 19. Qc1 Rf7 20. Kh2 Ne7 21.
Qd2 Rdf8 22. g4 g6 23. Bd4 Nc6 24. Ra1 Nd8 25. Be3 Qa5 26. Bf3 Bc6 27. Bg2 Bb7
28. Rfb1 Nc6 29. a4 Nb8 30. Rb4 Nd7 31. g5 Bc6 32. Qc1 Kc7 33. h4 Nb8 34. Bh3
Re8 35. Qa3 Ree7 36. Rab1 Na6 37. Rb5 Bxb5 38. Rxb5 d4 39. Rxa5 dxe3 40. Rxa6
Kb7 41. Bg2+ Kb8 42. Kg3 Rd7 43. Qd6+ Rxd6 44. exd6 Rd7 45. a5 Rxd6 46. axb6
axb6 47. Ra1 Rd2 48. Re1 e2 49. Be4 Kc7 50. Kf2 Kd6 51. Rxe2 Rd1 52. Bf3 Ra1
53. Bg4 Ra3 54. Rxe6+ Kd5 55. Re3 Ra2 56. Be6+ Kc5 57. Re2 Ra3 58. Bg8 Rxc3 59.
Bxh7 Rh3 60. Bxg6 Rxh4 61. Kg3 Rh1 62. Kg4 Rg1+ 63. Kf5 1-0

[Event "46. Villa de Mislata - Open C 2012"]
[Site "Mislata ESP"]
[Date "2012.08.18"]
[Round "8.4"]
[White "Marco Catala, Juan Bautista"]
[Black "Davidovas Chananovas, Norman"]
[Result "0-1"]
[WhiteElo "1770"]
[BlackElo "1838"]
[PlyCount "70"]
[EventDate "2012.08.13"]
[EventType "tourn"]
[EventRounds "9"]
[EventCountry "ESP"]
[EventCategory "2"]
[Source "lmi"]
[SourceDate "2012.08.13"]

1. c4 Nf6 2. Nc3 g6 3. Nf3 Bg7 4. g3 O-O 5. Bg2 d5 6. cxd5 Nxd5 7. d4 c5 8. e4
Nxc3 9. bxc3 Nc6 10. Be3 Bg4 11. Rb1 cxd4 12. cxd4 Qa5+ 13. Qd2 Qa6 14. Bf1 Qa4
15. Bb5 Qa3 16. Rb3 Qd6 17. Bf4 Qd8 18. Bxc6 bxc6 19. Ne5 Be6 20. Nxc6 Qd7 21.
d5 Bh3 22. f3 f5 23. Qb4 Rae8 24. e5 Qxd5 25. Nxe7+ Rxe7 26. Qxe7 Rd8 27. Kf2
Bf8 28. Qxd8 Qxd8 29. Rhb1 Bc5+ 30. Ke2 Bb6 31. Rd3 Qe7 32. Rbd1 g5 33. Rd7 Qc5
34. Bxg5 Qf2+ 35. Kd3 Bf1+ 0-1

[Event "46. Villa de Mislata - Open C 2012"]
[Site "Mislata ESP"]
[Date "2012.08.18"]
[Round "8.5"]
[White "Maronda Escriva, Ivan"]
[Black "Pino Fernandez, David"]
[Result "1/2-1/2"]
[WhiteElo "1852"]
[BlackElo "1786"]
[PlyCount "77"]
[EventDate "2012.08.13"]
[EventType "tourn"]
[EventRounds "9"]
[EventCountry "ESP"]
[EventCategory "2"]
[Source "lmi"]
[SourceDate "2012.08.13"]

1. d4 Nf6 2. Nf3 g6 3. c4 Bg7 4. g3 d6 5. Bg2 Nbd7 6. Nc3 c5 7. d5 Nb6 8. Nd2
Bf5 9. e4 Bg4 10. f3 Bd7 11. a4 a5 12. Qe2 e6 13. dxe6 Bxe6 14. b3 Qc8 15. Nb5
Qd7 16. Bb2 O-O 17. O-O-O Qe7 18. Rhe1 Ne8 19. Nf1 Bxb2+ 20. Qxb2 Nc8 21. Ne3
Na7 22. Nxa7 Rxa7 23. Re2 f6 24. h3 Ng7 25. g4 Raa8 26. Qd2 Rfd8 27. Qe1 b6 28.
h4 h6 29. Qd2 Qd7 30. Rde1 Re8 31. Rh1 h5 32. Bh3 Kf7 33. Qb2 Qe7 34. Rhe1 Qd7
35. Qc3 Rab8 36. Rd1 Red8 37. e5 fxe5 38. Qd3 Qe7 39. Nd5 1/2-1/2

[Event "46. Villa de Mislata - Open C 2012"]
[Site "Mislata ESP"]
[Date "2012.08.18"]
[Round "8.6"]
[White "Lopez Diaz, Rafael"]
[Black "Garcia Cervera, Manuel Miguel"]
[Result "0-1"]
[WhiteElo "1819"]
[BlackElo "1874"]
[PlyCount "96"]
[EventDate "2012.08.13"]
[EventType "tourn"]
[EventRounds "9"]
[EventCountry "ESP"]
[EventCategory "2"]
[Source "lmi"]
[SourceDate "2012.08.13"]

1. c4 f5 2. Nc3 Nf6 3. g3 e6 4. Bg2 Be7 5. d3 O-O 6. Nf3 d6 7. O-O Nc6 8. a3
Qe8 9. b4 Qh5 10. Nh4 g5 11. Nf3 g4 12. Ne1 Nd8 13. d4 Nf7 14. Nd3 Ng5 15. Nf4
Qf7 16. d5 e5 17. Nd3 Qg6 18. Bxg5 Qxg5 19. c5 a6 20. Qb3 h5 21. Nxe5 Kg7 22.
f4 Qh6 23. Nd3 Ne8 24. Rae1 Bf6 25. Na4 Qg6 26. e3 Qf7 27. Nc1 Bd7 28. Nc3 h4
29. N1e2 h3 30. Bh1 Kh6 31. Nd4 Bxd4 32. exd4 Nf6 33. Qd1 Rfe8 34. Rxe8 Rxe8
35. Re1 Bb5 36. Rxe8 Qxe8 37. Nxb5 axb5 38. Qd2 Ne4 39. Bxe4 Qxe4 40. Kf2 Qg2+
41. Ke1 Qg1+ 42. Ke2 Qxh2+ 43. Kd1 Qxd2+ 44. Kxd2 h2 45. cxd6 cxd6 46. a4 bxa4
47. b5 h1=Q 48. b6 Qxd5 0-1

[Event "46. Villa de Mislata - Open C 2012"]
[Site "Mislata ESP"]
[Date "2012.08.18"]
[Round "8.7"]
[White "Magan Gonzalez, Alberto"]
[Black "Pallas I Garrido, Ernest Josep"]
[Result "1-0"]
[WhiteElo "1848"]
[BlackElo "1808"]
[PlyCount "101"]
[EventDate "2012.08.13"]
[EventType "tourn"]
[EventRounds "9"]
[EventCountry "ESP"]
[EventCategory "2"]
[Source "lmi"]
[SourceDate "2012.08.13"]

1. e4 e6 2. d4 d5 3. Nc3 Nf6 4. Bg5 Be7 5. e5 Nfd7 6. Bxe7 Qxe7 7. f4 a6 8. Nf3
c5 9. dxc5 Nxc5 10. Qd2 Nc6 11. g3 O-O 12. Bg2 b5 13. Nd4 Nxd4 14. Qxd4 b4 15.
Ne2 Bb7 16. O-O a5 17. c3 Ba6 18. Qd2 bxc3 19. bxc3 Rab8 20. Rfb1 Bxe2 21. Qxe2
Na4 22. Qe3 Rfc8 23. Rxb8 Rxb8 24. Bf1 Qc7 25. Rc1 Nb2 26. Qd4 Rc8 27. Rb1 Rb8
28. c4 dxc4 29. Rxb2 Rxb2 30. Qxb2 c3 31. Qc2 Qc5+ 32. Kg2 Qd5+ 33. Kh3 Qd4 34.
Qd3 Qc5 35. Qd8+ Qf8 36. Qxf8+ Kxf8 37. Bd3 Ke8 38. Kg4 Kd7 39. Kf3 Kc6 40. Ke3
Kc5 41. a3 g6 42. Be2 c2 43. Kd2 Kd4 44. Bf3 c1=Q+ 45. Kxc1 Ke3 46. Bc6 Kf2 47.
Be8 Kg2 48. Bxf7 Kxh2 49. Bxe6 Kxg3 50. Bg8 h5 51. e6 1-0

[Event "46. Villa de Mislata - Open C 2012"]
[Site "Mislata ESP"]
[Date "2012.08.18"]
[Round "8.8"]
[White "Soler Nadal, Jose Antonio"]
[Black "Pradas Soria, Ernesto"]
[Result "1/2-1/2"]
[WhiteElo "1777"]
[BlackElo "1823"]
[PlyCount "40"]
[EventDate "2012.08.13"]
[EventType "tourn"]
[EventRounds "9"]
[EventCountry "ESP"]
[EventCategory "2"]
[Source "lmi"]
[SourceDate "2012.08.13"]

1. d4 Nf6 2. Bg5 Ne4 3. Bf4 d5 4. Nd2 e6 5. e3 b6 6. Bb5+ Bd7 7. Bxd7+ Nxd7 8.
Nxe4 dxe4 9. Ne2 g5 10. Bg3 h5 11. h4 Be7 12. hxg5 Bxg5 13. Bf4 h4 14. c3 f6
15. Qa4 Rc8 16. Qc6 Kf7 17. O-O-O Qe7 18. Qxe4 c6 19. g3 h3 20. Rh2 f5 1/2-1/2

[Event "46. Villa de Mislata - Open C 2012"]
[Site "Mislata ESP"]
[Date "2012.08.18"]
[Round "8.9"]
[White "Raimundo Medina, Fermin"]
[Black "Cebrian Flores, Juan Antonio"]
[Result "0-1"]
[WhiteElo "1781"]
[BlackElo "1888"]
[PlyCount "102"]
[EventDate "2012.08.13"]
[EventType "tourn"]
[EventRounds "9"]
[EventCountry "ESP"]
[EventCategory "2"]
[Source "lmi"]
[SourceDate "2012.08.13"]

1. e4 c5 2. Nf3 d6 3. d4 cxd4 4. Nxd4 Nf6 5. Nc3 g6 6. Be3 Bg7 7. f3 O-O 8. Qd2
Nc6 9. O-O-O d5 10. exd5 Nxd5 11. Nxc6 bxc6 12. Bd4 e5 13. Bc5 Be6 14. Ne4 Re8
15. h4 h6 16. g4 Qc7 17. g5 h5 18. Bc4 Rad8 19. Qf2 Rd7 20. Rd2 Red8 21. Rhd1
Bf5 22. Bb3 Be6 23. Qf1 Kh8 24. c4 Nf4 25. Rxd7 Rxd7 26. Rxd7 Qxd7 27. Qd1 Nd3+
28. Kc2 Nxc5 29. Nxc5 Bf5+ 30. Ne4 Bxe4+ 31. fxe4 Qxd1+ 32. Kxd1 Bf8 33. Ba4 c5
34. Ke2 Be7 35. Kf3 Kg7 36. Bd7 f6 37. gxf6+ Kxf6 38. b3 Bd8 39. Kg3 Ba5 40.
Bc8 Be1+ 41. Kh3 g5 42. hxg5+ Kxg5 43. Bd7 Kf4 44. Bf5 Ke3 45. Bg6 h4 46. Kg4
Kd4 47. Kh3 Kc3 48. Be8 Kb2 49. Ba4 Kxa2 50. Kg4 a5 51. Bc6 Kxb3 0-1

[Event "46. Villa de Mislata - Open C 2012"]
[Site "Mislata ESP"]
[Date "2012.08.18"]
[Round "8.10"]
[White "Harutyunyan, Tigran"]
[Black "Gomez Manzano, Francisco Carlos"]
[Result "1-0"]
[WhiteElo "1885"]
[BlackElo "1797"]
[PlyCount "97"]
[EventDate "2012.08.13"]
[EventType "tourn"]
[EventRounds "9"]
[EventCountry "ESP"]
[EventCategory "2"]
[Source "lmi"]
[SourceDate "2012.08.13"]

1. d4 e6 2. c4 d5 3. Nc3 Nf6 4. Bg5 Be7 5. e3 O-O 6. Rc1 c6 7. Nf3 Nbd7 8. Bd3
h6 9. Bh4 c5 10. O-O cxd4 11. exd4 b6 12. cxd5 Nxd5 13. Bxe7 Nxe7 14. Be4 Rb8
15. d5 Nc5 16. dxe6 Nxe6 17. Qxd8 Rxd8 18. Rfd1 Bb7 19. Rxd8+ Nxd8 20. Bxb7
Rxb7 21. Rd1 Ne6 22. Ne5 a6 23. Ne4 f6 24. Nc4 Nc5 25. Rd8+ Kh7 26. Nxc5 bxc5
27. Rd6 Ra7 28. Kf1 a5 29. Rb6 a4 30. Rb5 Nc6 31. Rxc5 Nb4 32. a3 Nd3 33. Rd5
Nf4 34. Ra5 Rd7 35. f3 Rd1+ 36. Kf2 Rb1 37. Rxa4 g5 38. b4 Rc1 39. Ne3 Rc3 40.
Ra7+ Kg6 41. b5 Rb3 42. a4 Nd3+ 43. Ke2 f5 44. Ra6+ Kf7 45. Nxf5 Nf4+ 46. Kd2
h5 47. g3 Ne6 48. Rxe6 Kxe6 49. Nd4+ 1-0

[Event "46. Villa de Mislata - Open C 2012"]
[Site "Mislata ESP"]
[Date "2012.08.19"]
[Round "9.2"]
[White "Davidovas Chananovas, Norman"]
[Black "Santandreu Gregori, David"]
[Result "0-1"]
[WhiteElo "1838"]
[BlackElo "1890"]
[PlyCount "108"]
[EventDate "2012.08.13"]
[EventType "tourn"]
[EventRounds "9"]
[EventCountry "ESP"]
[EventCategory "2"]
[Source "lmi"]
[SourceDate "2012.08.13"]

1. e4 e6 2. d4 d5 3. Nc3 Bb4 4. e5 b6 5. a3 Bf8 6. Nf3 Ba6 7. Bxa6 Nxa6 8. b4
Nb8 9. O-O a6 10. Be3 b5 11. Ne1 Nd7 12. Nd3 Nb6 13. f4 Ne7 14. Nc5 Nf5 15. Bf2
Nc4 16. Qd3 h5 17. Nd1 g5 18. Ne3 Ncxe3 19. Bxe3 Bxc5 20. bxc5 g4 21. a4 c6 22.
Bd2 Kd7 23. axb5 axb5 24. Rxa8 Qxa8 25. Qc3 Qb7 26. Ra1 Ra8 27. Qb2 Kc8 28. Kf2
Ra4 29. Bc1 Qa6 30. Rxa4 Qxa4 31. Qb3 Kb7 32. Bb2 Ka6 33. Bc3 Qc4 34. Qa3+ Qa4
35. Qb3 h4 36. g3 hxg3+ 37. hxg3 Kb7 38. Qb2 Qa8 39. Qb4 Qa4 40. Qb3 Qc4 41.
Qb2 b4 42. Bxb4 Qxd4+ 43. Qxd4 Nxd4 44. Bc3 Nf5 45. Bd2 Ka6 46. Bb4 Kb5 47. Ba3
Kc4 48. Bb2 Kxc5 49. Ba3+ Kc4 50. Bb2 d4 51. Ba1 d3 52. cxd3+ Kxd3 53. Bb2 c5
54. Bc1 Kc2 0-1

[Event "46. Villa de Mislata - Open C 2012"]
[Site "Mislata ESP"]
[Date "2012.08.19"]
[Round "9.3"]
[White "Garcia Cervera, Manuel Miguel"]
[Black "Fuset Torralba, Jose Luis"]
[Result "0-1"]
[WhiteElo "1874"]
[BlackElo "1801"]
[PlyCount "72"]
[EventDate "2012.08.13"]
[EventType "tourn"]
[EventRounds "9"]
[EventCountry "ESP"]
[EventCategory "2"]
[Source "lmi"]
[SourceDate "2012.08.13"]

1. Nf3 Nf6 2. c4 e6 3. g3 b6 4. Bg2 Bb7 5. O-O c5 6. b3 d5 7. e3 Nbd7 8. Bb2
Bd6 9. cxd5 exd5 10. Nc3 O-O 11. d4 Rc8 12. dxc5 bxc5 13. Rc1 Re8 14. Qd3 Ne5
15. Qf5 g6 16. Qc2 d4 17. Nxe5 Bxg2 18. Nxf7 Kxf7 19. Kxg2 dxc3 20. Qxc3 Be5
21. Qc4+ Qd5+ 22. Qxd5+ Nxd5 23. Ba3 Nb4 24. Rc4 Na6 25. Ra4 Rc6 26. Rd1 Ke6
27. Kf1 Re7 28. Re4 Kf7 29. Ra4 Ke8 30. Ke2 Bd6 31. Bb2 Kd7 32. h4 Kc8 33. Bc3
Kb7 34. Rd2 Nb8 35. Rd5 Nd7 36. Bb2 Nb6 0-1

[Event "46. Villa de Mislata - Open C 2012"]
[Site "Mislata ESP"]
[Date "2012.08.19"]
[Round "9.4"]
[White "Cerdan Herraez, Manuel Vicente"]
[Black "Magan Gonzalez, Alberto"]
[Result "0-1"]
[WhiteElo "1830"]
[BlackElo "1848"]
[PlyCount "95"]
[EventDate "2012.08.13"]
[EventType "tourn"]
[EventRounds "9"]
[EventCountry "ESP"]
[EventCategory "2"]
[Source "lmi"]
[SourceDate "2012.08.13"]

1. e4 c5 2. Nc3 d6 3. Nf3 Nf6 4. Bb5+ Bd7 5. e5 dxe5 6. Nxe5 Bxb5 7. Nxb5 a6 8.
Nc3 e6 9. Qf3 Qc8 10. Ne4 Nbd7 11. Ng4 Nxg4 12. Qxg4 f5 13. Qh3 fxe4 14. Qxe6+
Be7 15. Qxe4 O-O 16. Qe6+ Kh8 17. O-O Bf6 18. d3 Ne5 19. Qb3 Qc6 20. Bf4 Ng6
21. Bg3 Rae8 22. c3 b5 23. Rad1 Nh4 24. Bxh4 Bxh4 25. g3 Bf6 26. d4 cxd4 27.
cxd4 Qc4 28. Qxc4 bxc4 29. b3 cxb3 30. axb3 Re4 31. d5 Rd4 32. Rxd4 Bxd4 33.
Rd1 Bxf2+ 34. Kg2 Bc5 35. d6 Rd8 36. d7 Kg8 37. Ra1 Rxd7 38. Rxa6 Rb7 39. Rc6
Bd4 40. Rd6 Bf6 41. Rd3 Kf7 42. Kf3 Rb4 43. Ke2 Ke6 44. Kd2 Rd4 45. Ke3 Rxd3+
46. Kxd3 Kd5 47. Ke3 Kc5 48. Kf4 0-1

[Event "46. Villa de Mislata - Open C 2012"]
[Site "Mislata ESP"]
[Date "2012.08.19"]
[Round "9.5"]
[White "Pino Fernandez, David"]
[Black "Cebrian Flores, Juan Antonio"]
[Result "1/2-1/2"]
[WhiteElo "1786"]
[BlackElo "1888"]
[PlyCount "119"]
[EventDate "2012.08.13"]
[EventType "tourn"]
[EventRounds "9"]
[EventCountry "ESP"]
[EventCategory "2"]
[Source "lmi"]
[SourceDate "2012.08.13"]

1. d4 Nf6 2. c4 g6 3. Nc3 Bg7 4. Nf3 O-O 5. e4 d6 6. Be3 e5 7. d5 Ng4 8. Bd2 f5
9. Bd3 f4 10. h3 Nf6 11. Qc2 c6 12. O-O-O Na6 13. a3 cxd5 14. cxd5 Nc5 15. Na4
Nxd3+ 16. Qxd3 Bd7 17. Nc3 Rc8 18. Kb1 h6 19. Nh2 Qb6 20. Rhf1 Qc5 21. f3 b5
22. Rc1 Qb6 23. Na2 a5 24. Ng4 b4 25. Nxf6+ Bxf6 26. Qb3 Bb5 27. Rg1 Qd4 28.
Bxb4 axb4 29. Nxb4 Bc4 30. Qd1 Qb6 31. Nc6 Bb3 32. Qe1 Ba4 33. Qb4 Qa6 34. Qxd6
Qd3+ 35. Ka1 Bxc6 36. Rxc6 Rxc6 37. Qxc6 Qb3 38. Rc1 Rb8 39. Qc3 Qb6 40. b4 Ra8
41. Ka2 Qa7 42. Qb3 Kg7 43. Rc3 Bh4 44. d6 Qd4 45. Rc7+ Kf6 46. Qf7+ Kg5 47.
Qe7+ Kh5 48. g4+ fxg3 49. Qe6 Qd2+ 50. Kb3 Qd1+ 51. Kb2 Qxf3 52. Qxe5+ Bg5 53.
Rc3 Qf2+ 54. Rc2 Qe3 55. Rc3 Qd2+ 56. Rc2 Qe3 57. Rc3 Qf4 58. Qd5 g2 59. Qd1+
Kh4 60. Qe1+ 1/2-1/2

[Event "46. Villa de Mislata - Open C 2012"]
[Site "Mislata ESP"]
[Date "2012.08.19"]
[Round "9.6"]
[White "Garcia Peinado, Borja"]
[Black "Harutyunyan, Tigran"]
[Result "0-1"]
[WhiteElo "1774"]
[BlackElo "1885"]
[PlyCount "50"]
[EventDate "2012.08.13"]
[EventType "tourn"]
[EventRounds "9"]
[EventCountry "ESP"]
[EventCategory "2"]
[Source "lmi"]
[SourceDate "2012.08.13"]

1. b3 e5 2. Bb2 d6 3. e3 g6 4. d3 Bg7 5. Nf3 Ne7 6. Nbd2 O-O 7. c4 c5 8. Be2
Nbc6 9. a3 Rb8 10. Qc2 f5 11. O-O b6 12. Rad1 d5 13. cxd5 Nxd5 14. Nc4 Qe7 15.
Rfe1 Bb7 16. d4 cxd4 17. exd4 e4 18. Nfe5 Rbc8 19. Qd2 Rfd8 20. f4 Bh6 21. g3
a6 22. Ne3 Nxe5 23. Nxd5 Rxd5 24. Kf1 b5 25. a4 Nc6 0-1

[Event "46. Villa de Mislata - Open C 2012"]
[Site "Mislata ESP"]
[Date "2012.08.19"]
[Round "9.7"]
[White "Canton Sanchez, Adrian"]
[Black "Arroyo Cabrera, Andres"]
[Result "1-0"]
[WhiteElo "1847"]
[BlackElo "1684"]
[PlyCount "60"]
[EventDate "2012.08.13"]
[EventType "tourn"]
[EventRounds "9"]
[EventCountry "ESP"]
[EventCategory "2"]
[Source "lmi"]
[SourceDate "2012.08.13"]

1. d4 Nf6 2. c4 e6 3. Bg5 h6 4. Bh4 g5 5. Bg3 Ne4 6. Qd3 Bb4+ 7. Nc3 Nxg3 8.
hxg3 d5 9. Nf3 Qf6 10. a3 Bxc3+ 11. Qxc3 dxc4 12. Qxc4 b6 13. Qxc7 O-O 14. e3
Ba6 15. Bxa6 Nxa6 16. Qc4 Nb8 17. Ne5 Kg7 18. Ke2 Qe7 19. Ng4 Rh8 20. Rxh6 Rxh6
21. Nxh6 Nd7 22. Ng4 Rh8 23. Qc7 a5 24. Rc1 Qd8 25. Qd6 Kg6 26. d5 Qe8 27. Rc7
Nf6 28. Nxf6 Kxf6 29. Qxb6 Qa4 30. dxe6 Qg4+ 1-0

[Event "46. Villa de Mislata - Open C 2012"]
[Site "Mislata ESP"]
[Date "2012.08.19"]
[Round "9.8"]
[White "Pradas Soria, Ernesto"]
[Black "Marco Catala, Juan Bautista"]
[Result "1/2-1/2"]
[WhiteElo "1823"]
[BlackElo "1770"]
[PlyCount "50"]
[EventDate "2012.08.13"]
[EventType "tourn"]
[EventRounds "9"]
[EventCountry "ESP"]
[EventCategory "2"]
[Source "lmi"]
[SourceDate "2012.08.13"]

1. d4 Nf6 2. c4 g6 3. Nc3 Bg7 4. e4 d6 5. h3 O-O 6. Bg5 c6 7. Nf3 Qa5 8. Bd3 e5
9. d5 cxd5 10. cxd5 Nbd7 11. O-O Nc5 12. Bc2 b5 13. Nd2 b4 14. Na4 Bd7 15. Nxc5
Qxc5 16. Be3 Qb5 17. a4 Qb8 18. b3 Rc8 19. Nc4 Ne8 20. g4 Rc7 21. Rc1 Bxa4 22.
Ra1 Bb5 23. Bd3 Bxc4 24. Bxc4 Nf6 25. f3 Bf8 1/2-1/2

[Event "46. Villa de Mislata - Open C 2012"]
[Site "Mislata ESP"]
[Date "2012.08.19"]
[Round "9.9"]
[White "Alemany Maroto, Vicente"]
[Black "Soler Nadal, Jose Antonio"]
[Result "1/2-1/2"]
[WhiteElo "1760"]
[BlackElo "1777"]
[PlyCount "43"]
[EventDate "2012.08.13"]
[EventType "tourn"]
[EventRounds "9"]
[EventCountry "ESP"]
[EventCategory "2"]
[Source "lmi"]
[SourceDate "2012.08.13"]

1. e4 c6 2. Nf3 d5 3. exd5 cxd5 4. d4 Bg4 5. Be2 e6 6. c3 Nc6 7. h3 Bh5 8. Be3
Nf6 9. Nbd2 Bd6 10. O-O O-O 11. Ne5 Bxe2 12. Nxc6 Bxd1 13. Nxd8 Rfxd8 14. Rfxd1
a5 15. Bg5 b5 16. a3 Rdc8 17. Bxf6 gxf6 18. Nb3 b4 19. axb4 axb4 20. Rxa8 Rxa8
21. Ra1 Rxa1+ 22. Nxa1 1/2-1/2

[Event "46. Villa de Mislata - Open C 2012"]
[Site "Mislata ESP"]
[Date "2012.08.19"]
[Round "9.10"]
[White "Iglesias Fernandez, Luis"]
[Black "Moreno Vicente, Jesus Miguel"]
[Result "1-0"]
[WhiteElo "1886"]
[BlackElo "1754"]
[PlyCount "95"]
[EventDate "2012.08.13"]
[EventType "tourn"]
[EventRounds "9"]
[EventCountry "ESP"]
[EventCategory "2"]
[Source "lmi"]
[SourceDate "2012.08.13"]

1. d4 Nf6 2. Bg5 Ne4 3. Bf4 d5 4. e3 Bf5 5. c4 c6 6. Qb3 Qa5+ 7. Nc3 Nxc3 8.
bxc3 e6 9. c5 b6 10. Qb4 Qxb4 11. cxb4 Nd7 12. Ba6 bxc5 13. bxc5 e5 14. Bg3 Rb8
15. Nf3 f6 16. Nh4 Be6 17. Ke2 Be7 18. Rhb1 Kf7 19. Bb7 g5 20. Nf3 Bf5 21. Rb3
Bxc5 22. dxe5 g4 23. Nd4 Bxd4 24. exd4 fxe5 25. Bxc6 Be6 26. Bxd7 Bxd7 27. Bxe5
Rxb3 28. axb3 Ra8 29. Ra6 Be6 30. Bd6 Bc8 31. Rc6 Bd7 32. Rc7 Ke6 33. Bc5 a6
34. Rb7 Rc8 35. b4 h5 36. Ke3 h4 37. Kf4 h3 38. g3 Rg8 39. Rb6+ Kf7 40. Rxa6
Re8 41. Rh6 Re4+ 42. Kg5 Be6 43. Rh8 Re1 44. b5 Rb1 45. b6 Rb2 46. Rf8+ Kg7 47.
Rf6 Bf7 48. Rd6 1-0